000 00648nam a2200241Ia 4500
003 OSt
005 20220918230849.0
006 a|||||r|||| 00| 0
007 ta
008 220917b |||||||| |||| 00| 0 eng d
024 _a260,945
037 _cTextual
040 _aARTS
_cARTS
_beng
041 _2eng
_aeng
082 _aV65:1:N7, L1.1
100 _aAjayi J F A Ed.
245 0 _aHistory of West Aafrica
260 _aLondoan
_bLongman
_c1971
650 _aHISTORY
700 _a Crowder Michael Ed.
_948138
942 _hV65:1:N7, L1.1
_cTEXL
_2CC
999 _c289174
_d289174